000 00340nam a2200133 i 4500
001 bg
100 1 _aMATZKE, Władysław
245 0 _aProjektowanie rozrządu czterosuwowych silników trakcyjnych /
_cW.Matze.
260 _aWarszawa,
_c1989.
040 _cBPK
041 _apol
942 _cKS
008 s pl f |000 0 pol
999 _c29044
_d29044
856 _uhttp://koha.tu.koszalin.pl/cgi-bin/koha/opac-detail.pl?biblionumber=29044
_yKatalog online BPK